New Scientific Applications of Geometry and Topology

Αποθηκεύτηκε σε:
Λεπτομέρειες βιβλιογραφικής εγγραφής
Άλλοι συγγραφείς: Sumners, De Witt L. (Επιμελητής έκδοσης)
Μορφή: Βιβλίο
Γλώσσα:English
Δημοσίευση: Providence : American Mathematical Society, c1992.
Σειρά:(Proceedings of Symposia in Applied Mathematics ; 45)
Θέματα:
Ετικέτες: Προσθήκη ετικέτας
Δεν υπάρχουν, Καταχωρήστε ετικέτα πρώτοι!

MARC

LEADER 00000cam a2200000 i 4500
001 1/52491
008 951003s1992 riu ||| | eng||
020 |a 0821855026 
035 |a 1995  |c ΤΣΑΠΟΓΑΣ  |l 10044439 
040 |a GR-MyUA  |b gre  |e AACR2 
041 0 |a eng 
082 0 |a 516.36 
245 1 0 |a New Scientific Applications of Geometry and Topology /   |c De Witt L. Summers, Editor.  
260 |a Providence :   |b American Mathematical Society,   |c c1992.  
300 |a 250 σ. ;  |c 26 εκ.  
490 1 |a (Proceedings of Symposia in Applied Mathematics   |v ; 45) 
504 |a Περιέχει βιβλιογραφικές παραπομπές και ευρετήριο.  
500 |a The Short course was held in Baltimore, Md., January 6-7, 1992.  
650 0 0 |a Geometry, Differential  |x Congresses. 
650 0 0 |a Knot theory  |x Congresses. 
650 0 0 |a Science  |x Mathematics  |x Congresses. 
700 1 |a Sumners, De Witt L.  |e edt 
852 |a INST  |b SAMOS  |e 19951003  |h 516.36 NEW  |p 005300004820  |q 005300004820  |t BK  |y 0 
909 |a Σ  |b 042487